| 000 | 01078pam a22003251i 4500 | ||
|---|---|---|---|
| 001 | 019811649 | ||
| 003 | EG-ScBUE | ||
| 005 | 20230926093717.0 | ||
| 008 | 200609s2020 enka f b 001 0 eng d | ||
| 020 | _z9781138296947 (pbk.) | ||
| 040 |
_aStDuBDS _beng _erda _cStDuBDS _dUk _dEG-ScBUE |
||
| 082 | 0 | 4 |
_a391 _222 _bFAS |
| 245 | 0 | 0 |
_aFashion theory : _ba reader / _cedited by Malcolm Barnard. |
| 250 | _aSecond edition. | ||
| 264 | 1 |
_aLondon ; _aNew York : _bRoutledge, _c2020. |
|
| 300 |
_a829 pages : _billustrations (black and white) ; _c24 cm. |
||
| 336 |
_atext _2rdacontent _btxt |
||
| 336 |
_astill image _2rdacontent _btxt |
||
| 337 |
_acomputer _2rdamedia _bn |
||
| 338 |
_aonline resource _2rdacarrier _bnc |
||
| 490 | 0 | _aRoutledge student readers | |
| 504 | _aIncludes bibliographical references and index. | ||
| 650 | 7 |
_aFashion. _2BUEsh |
|
| 650 | 7 |
_aFashion _xSocial aspects. _2BUEsh |
|
| 653 |
_cSeptember2023 _bART _2FD |
||
| 655 | _vReading book | ||
| 700 | 1 |
_aBarnard, Malcolm, _d1958- _eeditor. |
|
| 776 | 0 | 8 |
_iPrint version : _z9781138296930 |
| 942 |
_2ddc _cBB |
||
| 999 |
_c30580 _d30551 |
||